000 00683nam a2200277Ia 4500
008 160321s9999||||xx |||||||||||||| ||und||
040 _cEnglish
082 _aXI.F/Chekhov
082 _bBORI-15508
100 _aA. P. Chekhov
245 _aShort Novels and Stories
260 _aMoscow
260 _bForeign Languages Publishing House
300 _a382
300 _cB
300 _eHardbound
530 _u00017513.pdf
563 _aStudy
600 _aA. P. Chekhov
630 _aShort Novels and Stories
650 _aEnglish Literature
650 _aGeneral Indology
700 _aA. P. Chekhov
730 _aShort Novels and Stories
942 _cBOOK
999 _c1357738
_d1357735